[Event "38th Olympiad"]
[Site "Dresden GER"]
[Date "2008.11.16"]
[Round "4"]
[White "Valdes,R"]
[Black "Salov,S"]
[Result "0-1"]
[WhiteElo "2093"]
[BlackElo "2269"]
[EventDate "2008.11.13"]

1. d4 Nf6 2. c4 c5 3. d5 e5 4. Nc3 d6 5. e4 Be7 6. Bd3 O-O 7. Nge2 Nh5 8.
O-O Bg5 9. a3 Nd7 10. Nb5 Bxc1 11. Nxc1 Ndf6 12. b4 a6 13. Nc3 b6 14. Be2
g6 15. Nd3 Qc7 16. bxc5 bxc5 17. Rb1 Ng7 18. Qd2 Nd7 19. f4 Re8 20. f5 gxf5
21. exf5 e4 22. f6 exd3 23. Bxd3 Nxf6 24. Rxf6 Qe7 25. Rf3 Bg4 26. Rg3 Bh5
27. Qh6 Bg6 28. h4 Qe5 29. Qg5 Qxg5 30. hxg5 Rab8 31. Bxg6 hxg6 32. Kf2
Rxb1 33. Nxb1 Nf5 34. Rb3 Nd4 35. Rb6 Re2+ 36. Kg3 Rc2 37. Kh2 Nf3+ 38. Kg3
Ne5 39. a4 Nxc4 40. Rb8+ Kg7 41. Kh2 Ne3 42. Rb6 Rxg2+ 43. Kh3 Rxg5 44.
Rxd6 Rxd5 45. Rxa6 Rd3 46. Ra8 Nc4+ 47. Kg2 Rb3 0-1

[Event "38th Olympiad"]
[Site "Dresden GER"]
[Date "2008.11.16"]
[Round "4"]
[White "Berlinsky,V"]
[Black "Zambrana,O"]
[Result "0-1"]
[WhiteElo "2325"]
[BlackElo "2478"]
[EventDate "2008.11.13"]

1. e4 c5 2. Nf3 Nc6 3. d4 cxd4 4. Nxd4 Nf6 5. Nc3 e5 6. Ndb5 d6 7. Bg5 a6
8. Na3 b5 9. Nd5 Be7 10. Bxf6 Bxf6 11. c3 Bg5 12. Nc2 Ne7 13. a4 bxa4 14.
Ncb4 O-O 15. Rxa4 a5 16. Nxe7+ Qxe7 17. Nd5 Qb7 18. b3 Bd7 19. Ra3 Qc6 20.
Bc4 Qc5 21. Ra2 a4 22. O-O Rfb8 23. Qh5 h6 24. Ne7+ Bxe7 25. Qxf7+ Kh8 26.
Qxe7 Bc6 27. Qe6 axb3 28. Rxa8 Bxa8 29. Bxb3 Bxe4 30. Bc4 Bh7 31. Rd1 Bg8
32. Ba2 Bh7 33. Rf1 Bg8 34. Bc4 0-1

[Event "38th Olympiad"]
[Site "Dresden GER"]
[Date "2008.11.16"]
[Round "4"]
[White "Cueto,Jo"]
[Black "Wassin,S"]
[Result "1-0"]
[WhiteElo "2320"]
[BlackElo "2325"]
[EventDate "2008.11.13"]

1. d4 Nf6 2. Bf4 g6 3. Nf3 Bg7 4. e3 O-O 5. Be2 d6 6. h3 c5 7. O-O Qb6 8.
Nc3 Qxb2 9. Nb5 Na6 10. a3 Bf5 11. Ne1 cxd4 12. Bc4 dxe3 13. Ra2 exf2+ 14.
Rxf2 Ne4 15. Rxb2 Nxf2 16. Qc1 Ne4 17. Bh6 Rfc8 18. Bd5 Nac5 19. Bxg7 Kxg7
20. Nd4 Rc7 21. Nxf5+ gxf5 22. Qf4 e6 23. Bxe4 Nxe4 24. Nf3 Kh8 25. Ng5
Nxg5 26. Qxg5 1-0

[Event "38th Olympiad"]
[Site "Dresden GER"]
[Date "2008.11.16"]
[Round "4"]
[White "Pribeanu,D"]
[Black "Campero,R"]
[Result "1/2-1/2"]
[WhiteElo "2232"]
[BlackElo "2255"]
[EventDate "2008.11.13"]

1. e4 g6 2. d4 Bg7 3. Be3 d6 4. Bd3 Nf6 5. f3 c5 6. c3 b6 7. Ne2 O-O 8. O-O
Bb7 9. Nd2 Na6 10. a3 Nc7 11. Kh1 e6 12. Bg5 Qd7 13. Qe1 h6 14. Be3 Kh7 15.
Rd1 Ng8 16. Qg3 f5 17. Nc4 cxd4 18. cxd4 Ne8 19. Nf4 Qf7 20. Nh3 Qe7 21.
exf5 gxf5 22. Rfe1 Rd8 23. Nf4 Qf7 24. Bg1 Bc8 25. Qh3 Ne7 26. Nh5 Nd5 27.
Ne3 Nef6 28. Nxg7 Qxg7 29. Nxd5 Nxd5 30. Bc4 Bb7 31. Bf2 Rc8 32. Bxd5 Bxd5
33. Rc1 Qg5 34. Rxc8 Rxc8 35. Bg3 f4 36. Bf2 Rc2 37. Qh4 Rxb2 38. h3 Rd2
39. Rc1 Qxh4 40. Rc7+ Kg6 41. Bxh4 a5 42. Bd8 b5 43. Rc1 a4 44. Ba5 Rxd4
45. Rc8 Bc4 46. Bb4 Rd3 47. Rc6 1/2-1/2

[Event "38th Olympiad"]
[Site "Dresden GER"]
[Date "2008.11.16"]
[Round "4"]
[White "Gemy,J"]
[Black "Schellmann,F"]
[Result "1/2-1/2"]
[WhiteElo "2200"]
[BlackElo "2144"]
[EventDate "2008.11.13"]

1. d4 f5 2. c4 Nf6 3. Nc3 d6 4. Nf3 g6 5. g3 Bg7 6. Bg2 O-O 7. O-O Qe8 8.
Nd5 Nxd5 9. cxd5 Nd7 10. Qb3 Nb6 11. Bf4 Bd7 12. Rac1 Rc8 13. e3 h6 14. h4
e6 15. dxe6 Bxe6 16. Qa3 Bd5 17. Nd2 Qf7 18. Qd3 Bxg2 19. Kxg2 Qxa2 20. Nc4
Nxc4 21. Qxc4+ Qxc4 22. Rxc4 Rfd8 23. Ra1 a6 24. Rb4 Rb8 25. Kf3 Kf7 26. d5
Kf6 27. e4 g5 28. hxg5+ hxg5 29. Be3 fxe4+ 30. Rxe4 Re8 31. Rb4 Kf5 32. Ba7
Ra8 33. Rxb7 g4+ 34. Kg2 Bxb2 35. Rb1 Re2 36. Rxc7 Be5 37. Rb4 Rd2 38. Rf7+
Kg6 39. Rfb7 Kf5 40. Rf7+ Kg6 41. Rfb7 Kf5 42. Rf7+ 1/2-1/2

[Event "38th Olympiad"]
[Site "Dresden GER"]
[Date "2008.11.16"]
[Round "4"]
[White "Wijesuriya,GL"]
[Black "Elbaruni,M"]
[Result "0-1"]
[WhiteElo "2075"]
[BlackElo "2072"]
[EventDate "2008.11.13"]

1. d4 d5 2. Nf3 Nf6 3. Bg5 e6 4. e3 Be7 5. c3 Nbd7 6. Bd3 b6 7. Qa4 O-O 8.
Qc2 c5 9. Ne5 h6 10. Nc6 Qe8 11. Bf4 Bb7 12. Nxe7+ Qxe7 13. Nd2 e5 14. dxe5
Nxe5 15. Be2 Ng6 16. Bg3 d4 17. Nc4 b5 18. Nd6 Bxg2 19. Rg1 Bd5 20. exd4
cxd4 21. Nf5 Qd7 22. Nxd4 b4 23. Nb5 bxc3 24. Nxc3 Be6 25. Rd1 Qb7 26. Rd6
Rfe8 27. Kd2 Rad8 28. Rxd8 Rxd8+ 29. Kc1 Rc8 30. Qa4 Ne4 31. Qd4 Nxc3 32.
bxc3 Bxa2 33. Bd3 Qb3 34. Bc2 Rxc3 35. Qd8+ Kh7 36. Qd1 Bb1 37. Kd2 Bxc2
0-1

[Event "38th Olympiad"]
[Site "Dresden GER"]
[Date "2008.11.16"]
[Round "4"]
[White "Annurudha,G"]
[Black "Ghattour,M"]
[Result "0-1"]
[WhiteElo "2212"]
[BlackElo "1984"]
[EventDate "2008.11.13"]

1. d4 d5 2. c4 c6 3. Nc3 Nf6 4. Nf3 e6 5. Bg5 h6 6. Bh4 Be7 7. e3 Nbd7 8.
cxd5 exd5 9. Bd3 O-O 10. Rb1 Ne4 11. Bg3 Bb4 12. Bxe4 dxe4 13. Nd2 Nf6 14.
O-O Re8 15. Be5 Ng4 16. Bg3 Nf6 17. Qc2 Bf5 18. f3 Bg6 19. f4 Nd5 20. Rbe1
Bf5 21. a3 Bf8 22. Na4 Rc8 23. Bf2 Nxf4 24. Bh4 Qxh4 25. exf4 Qf6 26. Nb3
b6 27. Kh1 h5 28. Nc3 Qe6 29. Ne2 h4 30. Qc3 h3 31. gxh3 Bxh3 32. Rg1 e3
33. Rg3 Bg4 34. Kg1 g6 35. Qd3 Bf5 36. Qc3 c5 37. Nec1 cxd4 38. Qxd4 e2 39.
Rxe2 Rxc1+ 40. Nxc1 Qc8 41. Rxe8 Qxe8 42. Qc3 Bc5+ 43. Kf1 Qe4 44. Qf3 Qc2
45. Nb3 Qb1+ 46. Ke2 Qxb2+ 47. Nd2 Qf6 48. Qa8+ Kg7 49. Qf3 Bd7 50. Qc3 Bd4
51. Qc7 Qe7+ 52. Kd3 Bf5+ 53. Kxd4 Qxc7 54. Ke3 Qe7+ 55. Kf2 Qd8 56. Ke1
Bd3 57. Nb1 0-1

[Event "38th Olympiad"]
[Site "Dresden GER"]
[Date "2008.11.16"]
[Round "4"]
[White "Spice,A"]
[Black "Chimthere,A"]
[Result "1/2-1/2"]
[WhiteElo "2173"]
[BlackElo "1966"]
[EventDate "2008.11.13"]

1. Nc3 d5 2. e4 dxe4 3. Nxe4 Nd7 4. Bc4 e6 5. d4 Be7 6. Nf3 Ngf6 7. Ng3 O-O
8. O-O c5 9. dxc5 Nxc5 10. Qe2 a6 11. a4 Bd7 12. Rd1 Qc8 13. a5 Bc6 14. Ne5
Nce4 15. Be3 Nxg3 16. hxg3 Bd5 17. Bd3 Be4 18. Bg5 Bxd3 19. Rxd3 Rd8 20.
Rc3 Qb8 21. Nc4 Nd5 22. Bxe7 Nxe7 23. Nb6 Nd5 24. Nxd5 Rxd5 25. Rb3 Qc7 26.
c4 Rd7 27. Rb6 Rad8 28. b4 Rd4 29. Rc1 g6 30. c5 Qd7 31. Qf3 Rd5 32. c6
bxc6 33. Rxa6 Qd6 34. Rb6 Kg7 35. Qc3+ e5 36. Qxc6 Rd1+ 37. Kh2 Qe7 38.
Rxd1 Rxd1 39. Qf3 Re1 40. Rb7 Qe6 41. a6 Ra1 42. b5 Qc4 43. a7 e4 44. Qf4
Qd5 45. g4 Qd1 46. Rxf7+ Kg8 47. Qf6 Qg1+ 48. Kg3 Ra3+ 49. f3 Rxf3+ 50.
Qxf3 exf3 51. a8=Q+ Kxf7 52. Qxf3+ Kg7 53. Qc3+ Kh6 54. Qe5 Qd1 55. g5+ Kh5
56. Kf2 Qb3 57. g3 h6 58. gxh6+ g5 59. h7 Qf7+ 60. Ke3 Qxh7 61. b6 Qb1 62.
g4+ Kh4 63. Qh8+ Kxg4 64. Qc8+ Kh4 65. b7 Qb3+ 66. Kd4 Qd1+ 67. Ke5 Qe2+
68. Kf6 Qb2+ 69. Ke7 Qb4+ 70. Kd8 Qd6+ 71. Qd7 Qb8+ 72. Ke7 g4 73. Kf6 g3
74. Qh7+ Kg4 75. Qf5+ Kh4 76. Qe4+ Kh3 77. Qf5+ Kh2 78. Qh5+ Kg1 79. Qc5+
Kh1 80. Qc8 Qf4+ 81. Qf5 Qxf5+ 82. Kxf5 g2 83. b8=Q g1=Q 84. Qh8+ Qh2 85.
Qxh2+ 1/2-1/2

[Event "38th Olympiad"]
[Site "Dresden GER"]
[Date "2008.11.16"]
[Round "4"]
[White "Mannhart,M"]
[Black "Velasco,S"]
[Result "1-0"]
[WhiteElo "2154"]
[BlackElo "2287"]
[EventDate "2008.11.13"]

1. Nc3 d5 2. e4 dxe4 3. Nxe4 Nd7 4. Bc4 Ndf6 5. Ng5 e6 6. d4 h6 7. N5f3 Bd6
8. Qe2 Ne7 9. Ne5 O-O 10. Ngf3 c5 11. dxc5 Bxc5 12. O-O Qb6 13. c3 Ned5 14.
Bb3 Qc7 15. h3 a5 16. c4 a4 17. Bc2 Nb4 18. Bb1 Rd8 19. Bf4 Bd6 20. Rd1 Ra5
21. a3 Na6 22. Bc2 Qe7 23. Qe1 Bc7 24. Rxd8+ Qxd8 25. Rd1 Qe8 26. Bd2 Rc5
27. Bb4 b6 28. Bxc5 Nxc5 29. Nd3 Bb7 30. Nfe5 Qa8 31. f3 Qb8 32. Nxc5 bxc5
33. Nd7 Nxd7 34. Rxd7 Bc6 35. Rd1 Qxb2 36. Qd2 g6 37. Be4 Qxd2 38. Rxd2 Ba5
39. Rb2 Bxe4 40. fxe4 Bc3 41. Rb8+ Kg7 42. Kf2 f5 43. exf5 gxf5 44. Ra8 e5
45. Rxa4 Kf6 46. Ra6+ Kg5 47. a4 Kf4 48. Rxh6 Ke4 49. Rd6 f4 50. h4 Kf5 51.
h5 e4 52. h6 Ke5 53. Rd8 1-0

[Event "38th Olympiad"]
[Site "Dresden GER"]
[Date "2008.11.16"]
[Round "4"]
[White "Montalvo,A"]
[Black "Frick,R"]
[Result "1-0"]
[WhiteElo "2223"]
[BlackElo "2145"]
[EventDate "2008.11.13"]

1. d4 Nf6 2. c4 g6 3. f3 Bg7 4. e4 d6 5. Nc3 b6 6. Be3 c5 7. Nge2 O-O 8.
Qd2 Ba6 9. b3 e5 10. d5 Ne8 11. g3 f5 12. Bg2 Nd7 13. O-O Ndf6 14. a4 Bc8
15. h3 Bd7 16. Rae1 a6 17. Kh2 Rb8 18. f4 Nxe4 19. Nxe4 fxe4 20. fxe5 Rxf1
21. Rxf1 dxe5 22. Nc3 Nd6 23. g4 Qc7 24. Nxe4 Nxe4 25. Bxe4 Qd6 26. Kg2 Rf8
27. Rxf8+ Bxf8 28. a5 b5 29. b4 Qc7 30. d6 Qxd6 31. Qxd6 Bxd6 32. bxc5 Bb8
33. c6 Bc8 34. cxb5 axb5 35. Bd3 Ba6 36. Bb6 Bd6 37. c7 Bb7+ 38. Kf2 1-0

[Event "38th Olympiad"]
[Site "Dresden GER"]
[Date "2008.11.16"]
[Round "4"]
[White "Guller,A"]
[Black "Raul,V"]
[Result "1/2-1/2"]
[WhiteElo "2117"]
[BlackElo "2099"]
[EventDate "2008.11.13"]

1. e4 c5 2. Nf3 d6 3. Bb5+ Nd7 4. O-O Ngf6 5. Re1 a6 6. Bf1 e6 7. c3 Be7 8.
d4 O-O 9. e5 Nd5 10. exd6 Bxd6 11. Nbd2 cxd4 12. Ne4 Be7 13. Nxd4 N7f6 14.
Ng3 Qc7 15. Bg5 h6 16. Bd2 Rd8 17. Qe2 Bf8 18. Qc4 Qxc4 19. Bxc4 b5 20. Bb3
Bb7 21. Rad1 Rac8 22. Bc1 b4 23. cxb4 Bxb4 24. Re2 Rxc1 25. Rxc1 Nf4 26.
Rd1 Nxe2+ 27. Ndxe2 Rc8 28. Nf4 Kf8 29. h3 Ke7 30. Nd3 Bd6 31. Re1 g6 32.
Ne5 Kf8 33. Nc4 Be7 34. Ne5 Rd8 35. Nf1 Ne4 36. Ne3 Bb4 37. Rc1 Bd6 38. Rd1
Ke7 39. N5c4 Bc7 40. Rxd8 Kxd8 41. Kf1 h5 42. Ke2 Ke7 43. f3 Nc5 44. Bc2 a5
45. b3 f5 46. g4 hxg4 47. hxg4 Kf6 48. gxf5 exf5 49. Bd1 Ne6 50. Kf2 Kg5
51. a3 Nf4 52. Nc2 Ne6 53. b4 axb4 54. axb4 Kf4 55. N2e3 Nd4 56. Ng2+ Kg5
57. Nge3 Kh4 58. Nc2 Nxc2 59. Bxc2 Bd5 60. Bd3 1/2-1/2

[Event "38th Olympiad"]
[Site "Dresden GER"]
[Date "2008.11.16"]
[Round "4"]
[White "Bermudez Adams,W"]
[Black "Muendle,K"]
[Result "1-0"]
[WhiteElo "2169"]
[BlackElo "1928"]
[EventDate "2008.11.13"]

1. e4 e6 2. d4 d5 3. e5 Ne7 4. Bd3 b6 5. c3 a5 6. Nh3 Qd7 7. Nf4 Ba6 8. O-O
g6 9. Nd2 Bg7 10. Nf3 O-O 11. h4 h5 12. Ng5 Bxd3 13. Qxd3 Nf5 14. b3 c5 15.
Be3 cxd4 16. Bxd4 Nc6 17. Rfe1 Nce7 18. Bxb6 Qc6 19. Bd4 Rfc8 20. g3 Nxd4
21. cxd4 Nf5 22. Ne2 Bf8 23. Rec1 Qb6 24. Nf3 Ba3 25. Rc2 Rxc2 26. Qxc2 Qb7
27. Rd1 Rc8 28. Qd2 Qc7 29. Kf1 Kg7 30. Qg5 Qe7 31. Qxe7 Nxe7 32. Ne1 Nc6
33. Nd3 Nb4 34. Nxb4 axb4 35. Ke1 f6 36. f4 Bb2 37. Kd2 fxe5 38. fxe5 Rc6
39. Kd3 Kh6 40. Rd2 Bc3 41. Rc2 Ra6 42. Nxc3 bxc3 43. Kxc3 g5 44. a4 gxh4
45. gxh4 Rc6+ 46. Kb2 Rb6 47. Ka3 Kg6 48. Rf2 Rc6 49. a5 Rc3 50. Kb4 Rd3
51. Rf4 Kg7 52. a6 1-0

[Event "38th Olympiad"]
[Site "Dresden GER"]
[Date "2008.11.16"]
[Round "4"]
[White "Van Tilbury,C"]
[Black "Ibarra Chami,L"]
[Result "0-1"]
[WhiteElo "2280"]
[BlackElo "2389"]
[EventDate "2008.11.13"]

1. d4 d5 2. c4 e6 3. Nc3 Bb4 4. Nf3 Nf6 5. Bg5 Nbd7 6. cxd5 exd5 7. e3 c5
8. Be2 Qa5 9. O-O Bxc3 10. bxc3 Ne4 11. c4 dxc4 12. Bxc4 cxd4 13. Bh4 O-O
14. Qxd4 Ndf6 15. h3 Qh5 16. Qe5 Qg6 17. Kh2 Bd7 18. Bxf6 Nxf6 19. Qg5 Qe4
20. Rac1 Bc6 21. Qh4 Qe7 22. Nd4 Bd7 23. Kg1 Rac8 24. Bb3 b5 25. Qg5 Qe4
26. Nxb5 h6 27. Bc2 Qd5 28. Bb3 Qe4 0-1

[Event "38th Olympiad"]
[Site "Dresden GER"]
[Date "2008.11.16"]
[Round "4"]
[White "Espinosa Flores,R"]
[Black "Hook,W"]
[Result "1-0"]
[WhiteElo "2412"]
[BlackElo "2035"]
[EventDate "2008.11.13"]

1. e4 e6 2. d4 d5 3. Nc3 Bb4 4. Bd3 dxe4 5. Bxe4 Nf6 6. Bf3 c5 7. a3 Bxc3+
8. bxc3 O-O 9. Ne2 Qa5 10. O-O cxd4 11. cxd4 e5 12. Bd2 Qc7 13. dxe5 Qxe5
14. Bc3 Qg5 15. Qd6 Nc6 16. Bxf6 gxf6 17. Bxc6 bxc6 18. f4 Qb5 19. Nd4 Qd5
20. Qxf6 Rd8 21. Rad1 Rd6 22. Qe5 Ba6 23. Nf5 Qxe5 24. fxe5 Rxd1 25. Rxd1
Re8 26. Rd7 Bc8 27. Re7 Rd8 28. Nd6 Be6 29. Rxa7 Rb8 30. Rc7 Ra8 31. Rxc6
Rxa3 32. Rc5 Ra6 33. Ne4 Kg7 34. Kf2 Kg6 35. Ke3 Ra1 36. Nd2 Re1+ 37. Kf4
Re2 38. Nf3 Rf2 39. Ke3 Rf1 40. Nd4 Ba2 41. Rc6+ Kg5 42. Nf3+ Kg4 43. Rh6
Bd5 44. Rh4+ Kf5 45. Rf4+ 1-0

[Event "38th Olympiad"]
[Site "Dresden GER"]
[Date "2008.11.16"]
[Round "4"]
[White "Lettsome,M"]
[Black "Gongora Montes,B"]
[Result "0-1"]
[WhiteElo "1812"]
[BlackElo "2281"]
[EventDate "2008.11.13"]

1. e4 e6 2. d4 d5 3. Nd2 Nf6 4. e5 Nfd7 5. Ngf3 c5 6. c3 Nc6 7. Be2 cxd4 8.
cxd4 Qb6 9. Nb3 a5 10. O-O a4 11. Nbd2 Nxd4 12. Nxd4 Qxd4 13. Nf3 Qxd1 14.
Rxd1 Bc5 15. Bf4 Ke7 16. b3 b6 17. Bb5 axb3 18. axb3 Bb7 19. Ra4 Rxa4 20.
bxa4 f6 21. Rc1 Ra8 22. h4 Ba6 23. Bc6 Rc8 24. Bb5 Bxb5 25. axb5 fxe5 26.
Bg5+ Kd6 27. Kf1 h6 28. Bd2 e4 29. Nd4 Rf8 30. f4 Bxd4 31. Rc6+ Ke7 32.
Bb4+ Bc5 33. Bxc5+ bxc5 34. b6 Rxf4+ 35. Ke2 Rf8 0-1

[Event "38th Olympiad"]
[Site "Dresden GER"]
[Date "2008.11.16"]
[Round "4"]
[White "Simutowe,A"]
[Black "Aristotelous,V"]
[Result "1-0"]
[WhiteElo "2462"]
[BlackElo "1920"]
[EventDate "2008.11.13"]

1. c4 Nf6 2. Nc3 g6 3. d4 Bg7 4. g3 d6 5. Bg2 c6 6. e4 O-O 7. Nf3 Bg4 8. h3
Bxf3 9. Bxf3 Nbd7 10. Be3 e5 11. Bg2 exd4 12. Bxd4 Ne5 13. Qe2 Qa5 14. f4
Ned7 15. O-O Nh5 16. Bxg7 Kxg7 17. Kh2 Nhf6 18. Rad1 Ne8 19. e5 Rd8 20.
exd6 Ndf6 21. Qe7 Rd7 22. Qe5 Qb4 23. Ne4 Qxc4 24. g4 Qe6 25. Nc5 Qxe5 26.
fxe5 Kg8 27. exf6 Rxd6 28. Nd7 1-0

[Event "38th Olympiad"]
[Site "Dresden GER"]
[Date "2008.11.16"]
[Round "4"]
[White "Jere,D"]
[Black "Klerides,P"]
[Result "1-0"]
[WhiteElo "2240"]
[BlackElo "2212"]
[EventDate "2008.11.13"]

1. c4 Nf6 2. g3 e6 3. Bg2 d5 4. Nf3 dxc4 5. O-O c6 6. a4 Be7 7. Qc2 b6 8.
Ne5 Qc7 9. Nxc4 Bb7 10. Nc3 Nbd7 11. d4 Nd5 12. e4 Nxc3 13. bxc3 e5 14. Bh3
f6 15. Rd1 Rd8 16. Qb3 Ba6 17. Be6 g5 18. Ne3 exd4 19. Bf7+ Kf8 20. Bh5 Ne5
21. cxd4 Ng6 22. Nf5 Bc8 23. a5 c5 24. axb6 axb6 25. Nxe7 Kxe7 26. Ba3 Qc6
27. dxc5 bxc5 28. Qc3 Rxd1+ 29. Rxd1 Kf7 30. Bxc5 Re8 31. Rd6 Qxe4 32.
Qxf6+ Kg8 33. Bf3 Qe1+ 34. Kg2 Be6 35. Bd4 Bh3+ 1-0

[Event "38th Olympiad"]
[Site "Dresden GER"]
[Date "2008.11.16"]
[Round "4"]
[White "Kawuma,S"]
[Black "Jones,Ru"]
[Result "1-0"]
[WhiteElo "2156"]
[BlackElo "1966"]
[EventDate "2008.11.13"]

1. e4 d5 2. exd5 Nf6 3. d4 Bg4 4. f3 Bc8 5. Bb5+ Nbd7 6. c4 a6 7. Bxd7+
Bxd7 8. Ne2 g6 9. O-O b5 10. b3 Bg7 11. Nbc3 O-O 12. Be3 Re8 13. Qd2 e6 14.
dxe6 Rxe6 15. d5 Re7 16. Rae1 b4 17. Nd1 a5 18. Nd4 Qc8 19. Nf2 Qb7 20. Nd3
Rae8 21. Nc5 Qa7 22. Nxd7 Rxd7 23. Ne6 Qa8 24. Nxg7 Kxg7 25. Bh6+ Kg8 26.
Qd4 Qa6 27. Qxf6 1-0

[Event "38th Olympiad"]
[Site "Dresden GER"]
[Date "2008.11.16"]
[Round "4"]
[White "Nakapunda,O"]
[Black "Meier,K"]
[Result "1/2-1/2"]
[WhiteElo "2083"]
[BlackElo "2037"]
[EventDate "2008.11.13"]

1. d4 c5 2. e3 e6 3. c4 Nf6 4. Nf3 cxd4 5. exd4 Bb4+ 6. Bd2 Bxd2+ 7. Qxd2
d5 8. c5 O-O 9. Nc3 Nc6 10. Bd3 b6 11. cxb6 Qxb6 12. O-O Rb8 13. b3 Nb4 14.
Na4 Qd6 15. Bb1 Ne4 16. Qe3 f5 17. a3 Nc6 18. Nc5 e5 19. Nxe4 fxe4 20. dxe5
Nxe5 21. Nxe5 Qxe5 22. Ra2 Bb7 23. Rd1 Rf6 24. Rad2 Rh6 25. Qg3 Qxg3 26.
hxg3 Rb6 27. b4 Re8 28. Ba2 e3 29. Bxd5+ Kf8 30. fxe3 Rxe3 31. Rf1+ Ke8 32.
Rf3 Re5 33. Bxb7 Rxb7 34. Rdf2 Re1+ 35. Kh2 Ree7 36. g4 h6 37. Kg3 Rb5 38.
Rf8+ Kd7 39. Ra8 Kc6 40. Rc8+ Kb7 41. Rff8 Re3+ 42. Kf2 Rxa3 43. Rce8 Rc3
44. Rb8+ Ka6 45. Rxb5 Kxb5 46. Rb8+ Kc4 47. Rb7 a6 48. Rxg7 Kxb4 49. Rg6 a5
50. Rxh6 a4 51. Rb6+ Kc5 52. Ra6 Kb5 53. Ra8 Rc5 54. Ke3 Kb4 55. Kf4 Rc4+
56. Kf5 Rc2 57. g3 Rf2+ 58. Ke6 Rg2 59. g5 Rxg3 60. Kf6 Rf3+ 61. Ke5
1/2-1/2

[Event "38th Olympiad"]
[Site "Dresden GER"]
[Date "2008.11.16"]
[Round "4"]
[White "Arora,N"]
[Black "Murara,M"]
[Result "0-1"]
[WhiteElo "1887"]
[BlackElo "1682"]
[EventDate "2008.11.13"]

1. e4 d6 2. d4 e6 3. Nf3 Nd7 4. c4 Be7 5. Be2 Ngf6 6. Nc3 O-O 7. O-O c5 8.
d5 exd5 9. exd5 Ng4 10. h3 Nge5 11. Nxe5 Nxe5 12. Kh1 f5 13. f4 Ng6 14. g3
Bf6 15. Qc2 Bd4 16. Bf3 Bd7 17. Ne2 Bf6 18. Rb1 b5 19. b3 b4 20. Bb2 a5 21.
Kg2 a4 22. Bxf6 Qxf6 23. Qb2 Qd8 24. h4 Qb6 25. bxa4 Rxa4 26. a3 Rb8 27.
Nc3 Ra6 28. axb4 cxb4 29. Qf2 Qxf2+ 30. Rxf2 Ra3 31. Ne2 b3 32. Nd4 Rb4 33.
Be2 Ne7 34. Bd3 Nxd5 35. Nxf5 Bxf5 36. Bxf5 Ne3+ 37. Kf3 Nxf5 38. g4 Nxh4+
39. Ke4 Rxc4+ 40. Kd5 Rc2 41. Rxc2 bxc2 42. Rb8+ Kf7 43. Rc8 Rd3+ 44. Ke4
Rd2 45. Ke3 Rg2 46. f5 Rxg4 47. Rxc2 Nxf5+ 48. Kd3 g6 49. Rc7+ Kg8 50. Rd7
h5 51. Ra7 h4 52. Ke2 h3 53. Kf2 Rg2+ 54. Kf3 Nh4+ 55. Kf4 g5+ 56. Ke4 h2
57. Kd4 0-1

[Event "38th Olympiad"]
[Site "Dresden GER"]
[Date "2008.11.16"]
[Round "4"]
[White "Prasad,C FIJ"]
[Black "Kabera,G"]
[Result "0-1"]
[WhiteElo "1888"]
[BlackElo "1949"]
[EventDate "2008.11.13"]

1. d4 d5 2. c4 e6 3. Nc3 Nf6 4. Nf3 Nc6 5. Bg5 Be7 6. e3 a6 7. Bd3 h6 8.
Bh4 O-O 9. O-O Nb4 10. Be2 dxc4 11. Bxc4 b5 12. Be2 Bb7 13. a3 Nbd5 14.
Nxd5 Qxd5 15. Bxf6 Bxf6 16. Rc1 Rac8 17. Rc5 Qd6 18. Qc2 Be7 19. Ne5 f5 20.
Ng6 Rf6 21. Nxe7+ Qxe7 22. Rc1 Rg6 23. g3 Qh4 24. Rxc7 Rxc7 25. Qxc7 Qe4
26. f3 Qxe3+ 27. Kf1 Bxf3 28. Rc2 Bd5 29. Qd8+ Kh7 30. Rc8 Rf6 31. Qg8+ Kg6
32. Qe8+ Rf7 33. Bh5+ Kxh5 34. Qxf7+ g6 35. Qf6 Qf3+ 36. Ke1 Qh1+ 37. Kd2
Qxh2+ 38. Kc3 Qxg3+ 39. Kb4 Qe1+ 40. Rc3 g5 41. Kc5 Qf1 42. Qf7+ Kg4 43.
Qc7 f4 44. Qh7 h5 45. Qc2 h4 46. Qd2 h3 47. Rc1 Qxc1+ 48. Qxc1 h2 0-1